000 01552nam a2200469 i 4500
001 14420
003 KOSZ 005
005 20190723115821.0
008 070608s1972 pl a f 001 0 pol
015 _aPB 1972/5515
035 _a991035993899705066
035 _a(PL-WaBN)b19674004-48omnis_nlop
035 _ab19674004
035 _a(OCoLC)839126075
035 _a(PL)b0000001967400
035 _a(EXLNZ-48OMNIS_NETWORK)9910394229205606
040 _aWA N
_cWA N
_dKOSZ 005/RW
046 _k1972
080 _a666.1/.2
080 _a(075.8)
245 0 0 _aTechnologia szkła :
_bpraca zbiorowa /
_c[autorzy Adam Andrusieczko et al.].
250 _aWydanie 2 całkowicie przerobione.
260 _aWarszawa :
_b"Arkady",
_c1972.
300 _a1149, [1] stron :
_bilustracje ;
_c25 cm.
336 _aTekst
_btxt
_2rdacontent
337 _aBez urządzenia pośredniczącego
_bn
_2rdamedia
338 _aWolumin
_bnc
_2rdacarrier
380 _aKsiążki
380 _aPublikacje dydaktyczne
388 _a1901-2000
500 _a1972 Międzynarodowy Rok Książki.
504 _aBibliografia przy rozdziałach. Indeks.
650 7 _aSzkło
_2DBN
658 _aInżynieria i technika
655 7 _aPodręczniki akademickie
650 7 _aTechnologia
700 1 _aAndrusieczko, Adam.
_eAutor
710 2 _aWydawnictwo Arkady
_4pbl
856 _uhttp://koha.tu.koszalin.pl/cgi-bin/koha/opac-detail.pl?biblionumber=14420
_yKatalog online BPK
942 _2UKD
_cKS
999 _c14420
_d14420